| 000 | 00901cam a2200253 4500 | ||
|---|---|---|---|
| 008 | 090401t1994 xxu||||| |||| 00| 0 eng d | ||
| 020 | _a0863421652 | ||
| 035 | _a(Sirsi) u13121 | ||
| 041 | _aeng | ||
| 050 | _a711.4 | ||
| 110 |
_aOxford Brookes University _9281 |
||
| 245 | _aLocal planning under way. | ||
| 260 |
_aOxford _bOxford Brookes University _c1994 |
||
| 300 | _a64p. : ill. ; 30cm. | ||
| 350 | _a5 | ||
| 490 |
_aWorking Paper _v148 |
||
| 520 | _aPapers include:- The Good Practice Guide as an indicator of official concerns about the new development plan system/THOMAS,H. - Managing the local plan process/O`GRADY,S. - Changing the framework: lobbying by a local planning authority/PETT, G. | ||
| 650 | _aDEVELOPMENT PLANS | ||
| 650 | _aLOCAL DEVELOPMENT PLANS | ||
| 690 | _aPLANNING LAW AND PRACTICE | ||
| 700 |
_aHuw, Thomas. _xEditor |
||
| 942 | _n0 | ||
| 948 | _c04/03/1997 | ||
| 999 |
_c87062 _d87062 |
||